000 01173nam a22003497a 4500
003 CHAP
005 20220817041424.0
008 971013s1965 r 00010 d
010 _a14041
011 _a15013
035 _a19087
040 _cCHAP
090 _aTesis
100 0 0 _aHernández Aragón, Leonardo.
_953808
245 _aComportamiento de tres variedades de maíz al ataque de Heterodera punctata Thorne
260 _aChapingo, Méx. :
_bEl Autor,
_c1965
300 _a144 h.
_b: ilus.
502 _aTesis (M. en C. Agrícolas) -- ENA. Colegio de Ptsgraduados
590 _aALEPH
_b10
_c20130110
_lUCH01
_h1234
590 _aBATCH-UPD
_b10
_c20130110
_lUCH01
_h1900
590 _aBATCH-UPD
_b10
_c20130410
_lUCH01
_h1228
590 _aBATCH-UPD
_b10
_c20130914
_lUCH01
_h1612
590 _aCONVERSION
_b10
_c20130109
_lUCH01
_h1309
650 1 4 _aHeterodera punctata.
_955063
650 1 4 _aNemátodos parásitos de plantas.
901 _aBK
942 _cFOLL
949 _bBC
_cTES
_d-44289
_eTS1
_i19087
_si
949 _bBC
_cTES
_d-44291
_eTS2
_fc.2
_i19087
_si
949 _bBC
_cTES
_d-44293
_eTS2
_fc.3
_i19087
_si
949 _bBC
_cTES
_d-44294
_eTS2
_fc.4
_i19087
_si
999 _c14041
_d14041